000 00700cam a2200241 4500
008 090401t1991 xxu||||| |||| 00| 0 eng d
020 _a011701219X
035 _a(Sirsi) u55029
041 _aeng
050 _a658.99
110 _aConstruction Industry Sector Group
_91655
245 _aGuidelines for the management of major construction projects.
260 _aLondon
_bHMSO
_c1991
300 _a127p.,8p. of plates : ill. ; 21cm.
350 _a10
650 _aBUILDING PROJECTS
650 _aMANAGEMENT
650 _aMANAGEMENT-PROJECT MANAGEMENT
690 _aProject management
_96261
710 _aNational Economic Development Office
_9937
942 _n0
948 _c04/03/1997
999 _c93540
_d93540